Central Library OPAC University of Rajshahi

Elementary surveying and map projection / (Record no. 8224)

MARC details
000 -LEADER
fixed length control field 00792nam a22002537a 4500
001 - CONTROL NUMBER
control field 8224
003 - CONTROL NUMBER IDENTIFIER
rucl marc code BD-RjUL
005 - DATE AND TIME OF LATEST TRANSACTION
control field 20211208234539.0
008 - FIXED-LENGTH DATA ELEMENTS--GENERAL INFORMATION
fixed length control field 161002r19651927-uk||||| |||| 00| 0 eng d
035 ## - SYSTEM CONTROL NUMBER
System control number (BD-RjUL)8269
040 ## - CATALOGING SOURCE
Original cataloging agency BD-RjUL
Language of cataloging eng
Transcribing agency BD-RjUL
Modifying agency BD-RjUL
041 ## - LANGUAGE CODE
Language code of text/sound track or separate title eng
082 04 - DEWEY DECIMAL CLASSIFICATION NUMBER
Classification number 526.8
Author mark and year JAE 1965
Edition number 23
100 1# - MAIN ENTRY--PERSONAL NAME
Personal name Jameson, Alexander Hope
9 (RLIN) 25611
245 10 - TITLE STATEMENT
Title Elementary surveying and map projection /
Statement of responsibility, etc. by A.H. Jameson and M.T.M. Ormsby.
260 ## - PUBLICATION, DISTRIBUTION, ETC. (IMPRINT)
Place of publication, distribution, etc. London :
Name of publisher, distributor, etc. Pitman & Sons,
Date of publication, distribution, etc. 1965.
300 #2 - PHYSICAL DESCRIPTION
Pagination vi, 154 p. :
Illustrations ill. ;
Size 19 cm.
505 ## - FORMATTED CONTENTS NOTE
Formatted contents note v.1. Mathematical geography.
650 #0 - SUBJECT ADDED ENTRY--TOPICAL TERM
Topical term or geographic name as entry element Mathematical geography.
9 (RLIN) 25612
Topical term or geographic name as entry element Surveying.
9 (RLIN) 1070
Topical term or geographic name as entry element Map projection
9 (RLIN) 25554
700 ## - ADDED ENTRY--PERSONAL NAME
Personal name Ormsby,Michael Thomas Morley
942 ## - ADDED ENTRY ELEMENTS (KOHA)
Source of classification or shelving scheme Dewey Decimal Classification
Koha item type Books
Holdings
Lost status Source of classification or shelving scheme Damaged status Not for loan Collection code Permanent Location Current Location Shelving location Date acquired Source of acquisition Cost, normal purchase price Total Checkouts Full call number Date last seen Copy number Koha item type
  Dewey Decimal Classification     Non-fiction Central Library, University of Rajshahi Central Library, University of Rajshahi   02/05/1967 punjab both serise 7.12   526.8 JAE 1965 18/01/2014 C-2 Books
  Dewey Decimal Classification     Non-fiction Central Library, University of Rajshahi Central Library, University of Rajshahi   30/11/1965 Zeitlinger 9.60   526.8 JAE 1961 04/09/2016 C-3 Books
  Dewey Decimal Classification     Non-fiction Central Library, University of Rajshahi Central Library, University of Rajshahi   21/06/1963 Zeitlinger 9.60   526.8 JAE 1961 06/10/2016 C-4 Books